00468cam a2200181 a 4500001000800000005001700008008004100025010001700066020001500083040002300098041000800121060002400129080002000153082002400173100000600197101000800203245007500211165191720171221040306.0970403s1997 mdua 001 0 eng c a 97008734  a0683062255 aDNLM/DLCcDLCdDLC aeng10aQS 518.2 H518n 1997 a611.018076 RAY00a611.018076 RAY2211 a9 aHIS10aHistology /cRay C. Henrikson, Gordon I. Kaye, Joseph E. Mazurkiewicz.